| 000 | 00607ntaaa2200217 4500 | ||
|---|---|---|---|
| 003 | 01 | ||
| 005 | 20251027203109.0 | ||
| 008 | 0714s1973 ag 01 | ||
| 020 | _a9500911558 | ||
| 040 |
_aAR-BaBN _bspa _cAR-BaBN _eaacr _dRIC |
||
| 082 | _a371.8000 B26 | ||
| 100 |
_aBarone, Cecilia Elvira Iris _919 |
||
| 245 | _aLos vinculos del adolescente en la era posmoderna | ||
| 250 | _a1 ed. | ||
| 260 |
_aBuenos Aires : _bEd. Paulinas, _c1997 |
||
| 300 |
_a176p ; _c19,5cm |
||
| 500 | _aContiene bibliografia | ||
| 650 |
_aAdolescentes--Educacion _923618 |
||
| 650 |
_aArgentina--Educacion _96786 |
||
| 942 | _cBK | ||
| 999 |
_c26373 _d26373 |
||